000 01162cad a22002295a 4500
001 L147957
008 090706s2009 xxkd f s 000 0 eng d
035 _a(Sirsi) u147957
041 0 _aeng
050 0 4 _a332.6324 $2 18
110 2 _aInvestment Property Databank
_92288
245 0 0 _aIPD UK Rural Property Investment Index 2008
_h[electronic resource]
260 _aLondon
_bIPD
_c2009
520 _aReports annual index of IPD UK Rural Property Investment for 2008. Measures ungeared total returns to direct investment in a sample of tenanted farm land. Reports that at December 2008, the sample consisted of 589 766 acres of land on 243 estates. Their capital value was at just under £2.1bn and their total return was at just 1.7%. Provides regional breakdown.
521 _aAdvanced
590 _aKA NTK
650 2 4 _aIPD UK RURAL PROPERTY INVESTMENT INDEX
651 4 _aUnited Kingdom
_y
690 _aPROPERTY-RURAL AND NATURAL ASSETS-RURAL AND NATURAL ASSET FINANCE AND INVESTMENT
856 4 0 _uhttps://www.ipd.com/OurProducts/Indices/UnitedKingdom/UKRural/tabid/1010/Default.aspx
_zView the item free of charge at www.ipd.com...
942 _n0
999 _c109814
_d109814